00357 2200145 4500001002100000005001500021035002000036245004500056100002200101250000600123260003600129082000800165084001400173990002400187INLIS00000000000246820250604105419 a0010-06250000541 aSi Dul Anak Jakarta /cAman DT. Mojoindo0 aAman DT. Mojoindo a1 aJakarta :bBalai Pustaka,c2002 a813 a813 AMA s a02.1820 s/d 02.1829